000 00539nam a2200205Ia 4500
003 GCL
008 140319s9999 xx 000 0 ara d
040 _aGCL /
_cGCL
082 0 4 _aط
_b599.74428
_bو ق
100 1 _aوفاء اشرف
245 1 0 _aالقط /
_cوفاء اشرف
700 1 _aعادل البطراوى
300 _a16 ص
490 _aاريد ان اعرف
_v0
650 0 4 _aالاطفال
650 0 4 _aالقطط
650 0 4 _aالثدييات
650 0 4 _aالحيوانات - تربية
942 _2ddc
_cBK
999 _c51237
_d51237